[Event "Master Open"]
[Site "Voronezh"]
[Date "2018.06.20"]
[Round "8.23"]
[White "Murzin, Volodar"]
[Black "Kabanov, Nikolai"]
[Result "1/2-1/2"]
[WhiteElo "2268"]
[BlackElo "2468"]
[Annotator ""]
[Source ""]
[Remark ""]

1.e4 c5 2.Nf3 e6 3.g3 a6 4.a4 b6 5.Bg2 Bb7 6.d3 d6 7.O-O Nd7
8.Nbd2 Be7 9.Nc4 b5 10.axb5 axb5 11.Rxa8 Qxa8 12.Ne3 Ngf6 13.Bd2
O-O 14.Qa1 Nb6 15.b3 b4 16.Qb2 d5 17.Ra1 Qb8 18.exd5 Nfxd5 19.Nxd5
Bxd5 20.Ra5 Qb7 21.Ne1 Bxg2 22.Nxg2 Bf6 23.Qb1 Bd4 24.Qe1 Nd7
25.Qe4 Qxe4 26.dxe4 Nf6 27.e5 Ng4 28.Be3 Nxe3 29.Nxe3 g5 30.Kg2
Kg7 31.Kf3 f5 32.exf6+ Rxf6+ 33.Ke2 Rh6 34.Ra7+ Kf8 35.Ra8+ Ke7
36.Ra7+ Kd8 37.Nf1 Ke8 38.Rb7 Kf8 39.Ra7 g4 40.Rb7 Rh5 41.Rc7
h6 42.Ne3 Rxh2 43.Nxg4 Rh1 44.Ne3 h5 45.Rb7 Ke8 46.Rh7 Kd8 47.Nf1
Ke8 48.Rb7 h4 49.gxh4 Rxh4 50.Ne3 Rh1 51.Ra7 Rc1 52.Kd2 Rg1 53.Ke2
Bf6 54.Nc4 Kf8 55.Nd2 Rg4 56.Kf3 Rd4 57.Ne4 Be7 58.Ra8+ Kf7 59.Ra7
Rd5 60.Ke3 Ke8 61.Ra8+ Kf7 62.Ra7 Ke8 1/2-1/2

[Event "Master Open"]
[Site "Voronezh"]
[Date "2018.06.20"]
[Round "8.24"]
[White "Ulko, Jaroslav"]
[Black "Nesterov, Arseniy"]
[Result "0-1"]
[WhiteElo "2442"]
[BlackElo "2317"]
[Annotator ""]
[Source ""]
[Remark ""]

1.d4 Nf6 2.Nf3 e6 3.e3 c5 4.c4 cxd4 5.exd4 d5 6.Nc3 Be7 7.cxd5
Nxd5 8.Bd3 O-O 9.O-O Nc6 10.a3 g6 11.Bh6 Re8 12.Re1 Bf6 13.Bb5
Nxc3 14.bxc3 Bd7 15.Rb1 Rc8 16.Qd2 Ne7 17.Bd3 Qa5 18.Ne5 Bxe5
19.dxe5 Qxc3 20.Rxb7 Qxd2 21.Bxd2 Bc6 22.Rxa7 Red8 23.Ba6 Rxd2
24.Bxc8 Nxc8 25.Rc7 Bd7 26.a4 Nb6 27.a5 Na8 28.Rcc1 Rb2 29.h3
Kf8 30.Kf1 Ke7 0-1

[Event "Master Open"]
[Site "Voronezh"]
[Date "2018.06.20"]
[Round "8.25"]
[White "Gubajdullin, Alexei"]
[Black "Akash Pc, Iyer"]
[Result "0-1"]
[WhiteElo "2375"]
[BlackElo "2435"]
[Annotator ""]
[Source ""]
[Remark ""]

1.b3 d5 2.Bb2 Bg4 3.h4 Nc6 4.d4 Nf6 5.Nd2 h6 6.Ngf3 e6 7.a3 Be7
8.b4 a6 9.Nb3 O-O 10.g3 Nd7 11.Bg2 f5 12.Qc1 Nb6 13.Ne5 Nxe5
14.dxe5 Nc4 15.Bd4 b6 16.Nd2 c5 17.Nxc4 cxd4 18.Nb2 Qc7 19.Nd3
Qc3+ 20.Kf1 Bh5 21.Nf4 Bf7 22.Bf3 a5 23.b5 a4 24.g4 d3 25.Nxd3
fxg4 26.Bxg4 Qd4 27.Rg1 Bxh4 28.c3 Qc4 29.Bf3 Bg5 30.Rxg5 hxg5
31.Qxg5 Be8 32.Kg2 Rf5 33.Qg3 Bh5 34.Bxh5 Rxh5 35.Nf4 Rh6 36.Rg1
Rf8 37.Kf1 Rf7 38.Nd3 Qxc3 39.Qg5 Rh2 40.Qd8+ Kh7 41.Qxb6 d4
42.Qc6 Rfxf2+ 0-1

[Event "Master Open"]
[Site "Voronezh"]
[Date "2018.06.20"]
[Round "8.26"]
[White "Drygalov, Sergey"]
[Black "Kyshtymov, Daniil"]
[Result "1-0"]
[WhiteElo "2428"]
[BlackElo "2032"]
[Annotator ""]
[Source ""]
[Remark ""]

1.d4 Nf6 2.c4 g6 3.Nf3 Bg7 4.g3 O-O 5.Bg2 d6 6.O-O Nc6 7.Nc3
Bg4 8.h3 Bxf3 9.Bxf3 Nd7 10.e3 e5 11.d5 Ne7 12.e4 f5 13.Rb1 Nf6
14.b4 Qd7 15.Kg2 f4 16.c5 h5 17.Kh2 g5 18.Bxh5 Nxh5 19.Qxh5 fxg3+
20.Kg2 Rxf2+ 21.Rxf2 gxf2 22.Bxg5 Rf8 23.Rf1 c6 24.Qg4 Qc7 25.Qe6+ 1-0

[Event "Master Open"]
[Site "Voronezh"]
[Date "2018.06.20"]
[Round "8.27"]
[White "Solozhenkina, Elizaveta"]
[Black "Looshnikov, Nikolai"]
[Result "1-0"]
[WhiteElo "2258"]
[BlackElo "2424"]
[Annotator ""]
[Source ""]
[Remark ""]

1.e4 g6 2.d4 Bg7 3.Nf3 d6 4.Be2 Nf6 5.Nc3 O-O 6.O-O c5 7.d5 Na6
8.Nd2 Nc7 9.a4 e6 10.Nc4 exd5 11.exd5 Re8 12.Bf3 Bf5 13.Bf4 Bf8
14.Ne3 Be4 15.Bg5 Bxf3 16.Qxf3 Be7 17.h4 Nd7 18.Qg3 f6 19.Bh6
Ne5 20.h5 Nf7 21.hxg6 Nxh6 22.Qh3 Bf8 23.Nf5 hxg6 24.Nxh6+ Kg7
25.g4 f5 26.Kg2 Be7 27.gxf5 Rh8 28.Rh1 Bg5 29.Qg3 Rxh6 30.Rxh6
Kxh6 31.Rh1+ Kg7 32.Ne4 Qe7 33.Nxg5 Rh8 34.Ne6+ 1-0

[Event "Master Open"]
[Site "Voronezh"]
[Date "2018.06.20"]
[Round "8.28"]
[White "Krivtsov, Alexander"]
[Black "Bryakin, Mikhail"]
[Result "0-1"]
[WhiteElo "2232"]
[BlackElo "2407"]
[Annotator ""]
[Source ""]
[Remark ""]

1.e4 c5 2.Nf3 Nc6 3.d4 cxd4 4.Nxd4 Nf6 5.Nc3 e5 6.Ndb5 d6 7.Bg5
a6 8.Na3 b5 9.Nd5 Be7 10.Bxf6 Bxf6 11.Nxf6+ Qxf6 12.Qd5 Bb7 13.Rd1
Rd8 14.Bxb5 axb5 15.Nxb5 O-O 16.O-O Ba8 17.Qd2 Ne7 18.Rfe1 d5
19.c4 d4 20.b4 Qc6 21.Qd3 Ng6 22.g3 f5 23.f3 fxe4 24.fxe4 Qf6
25.Rf1 Qc6 26.Rfe1 Ne7 27.c5 Nf5 28.Rd2 Ne3 29.Nd6 h5 30.Qb3+
Kh7 31.Qe6 Rxd6 32.Qxe5 Rdf6 33.Qxh5+ Kg8 0-1

[Event "Master Open"]
[Site "Voronezh"]
[Date "2018.06.20"]
[Round "8.29"]
[White "Triapishko, Alexandr"]
[Black "Perov, German"]
[Result "1-0"]
[WhiteElo "2513"]
[BlackElo "2159"]
[Annotator ""]
[Source ""]
[Remark ""]

1.Nf3 Nf6 2.b3 d5 3.Bb2 e6 4.c4 Be7 5.g3 b6 6.Bg2 Bb7 7.O-O O-O
8.Nc3 c5 9.e3 Nc6 10.d3 Qd7 11.Qe2 Rfd8 12.Rfd1 Qe8 13.Rac1 Rac8
14.h3 h6 15.g4 Rd7 16.cxd5 Nxd5 17.Nxd5 Rxd5 18.d4 Rd7 19.dxc5
Bxc5 20.g5 hxg5 21.Nxg5 Be7 22.Rxd7 Qxd7 23.Rd1 Qc7 24.Nxf7 Kxf7
25.Qh5+ Kg8 26.Be4 Nd4 27.Qh7+ Kf8 28.Bxd4 Bxe4 29.Qxg7+ Ke8
30.Qg8+ Kd7 31.Be5+ Bd5 32.Rxd5+ 1-0

[Event "Master Open"]
[Site "Voronezh"]
[Date "2018.06.20"]
[Round "8.30"]
[White "Demianjuk, Alexander"]
[Black "Mammadzada, Gunay"]
[Result "1-0"]
[WhiteElo "2346"]
[BlackElo "2442"]
[Annotator ""]
[Source ""]
[Remark ""]

1.e4 c5 2.Nf3 d6 3.d4 cxd4 4.Nxd4 Nf6 5.Nc3 a6 6.Be2 e6 7.Be3
Nbd7 8.a4 b6 9.Qd2 Bb7 10.f3 Be7 11.g4 g6 12.O-O-O Nc5 13.h4
Qd7 14.h5 O-O-O 15.Nb3 Qc7 16.hxg6 fxg6 17.Nxc5 dxc5 18.Qe1 c4
19.Rxd8+ Rxd8 20.Qf2 Nd7 21.Rxh7 Bb4 22.Bg5 Rf8 23.Qd4 b5 24.axb5
Bxc3 25.Qxc3 axb5 26.Qb4 Qe5 27.Be7 Re8 28.Bd6 Qd4 29.Qd2 Qg1+
30.Bd1 Qa7 31.Kb1 Bc6 32.e5 Kb7 33.Rxd7+ Bxd7 34.Bc5 Qa8 35.Qxd7+
Ka6 36.Qd6+ Kb7 37.f4 Kc8 38.Bb6 1-0

[Event "Master Open"]
[Site "Voronezh"]
[Date "2018.06.20"]
[Round "8.31"]
[White "Cherniaev, Alexander"]
[Black "Ioffe, Ilya"]
[Result "1-0"]
[WhiteElo "2417"]
[BlackElo "2240"]
[Annotator ""]
[Source ""]
[Remark ""]

1.e4 e5 2.Nf3 Nc6 3.Bb5 a6 4.Ba4 Nf6 5.O-O Be7 6.Re1 b5 7.Bb3
O-O 8.a3 d6 9.c3 Na5 10.Ba2 c5 11.d3 Nc6 12.Nbd2 Qc7 13.Nf1 Bd7
14.h3 h6 15.Ne3 Rac8 16.Nh4 Be6 17.Nhf5 Bxa2 18.Rxa2 Qd7 19.a4
Qe6 20.Ra1 Nd7 21.axb5 axb5 22.Qg4 Bg5 23.h4 Nf6 24.Qg3 Nh5 25.Qf3
Bxe3 26.Bxe3 Qg6 27.Ra6 Rfe8 28.Rb6 Re6 29.Ra1 Kh7 30.Raa6 d5
31.exd5 Nd4 32.cxd4 Rxb6 33.Rxb6 Qxb6 34.dxc5 1-0

[Event "Master Open"]
[Site "Voronezh"]
[Date "2018.06.20"]
[Round "8.32"]
[White "Palachev, Petr"]
[Black "Dmitriev, Igor"]
[Result "1-0"]
[WhiteElo "2405"]
[BlackElo "2236"]
[Annotator ""]
[Source ""]
[Remark ""]

1.d4 e6 2.Nf3 Nf6 3.Nbd2 Be7 4.e4 d6 5.Bd3 Nc6 6.c3 O-O 7.O-O
a5 8.Re1 e5 9.a3 Re8 10.Nf1 Bg4 11.d5 Nb8 12.h3 Bd7 13.Be3 c6
14.c4 Na6 15.Ng3 Rc8 16.Rc1 Qc7 17.b3 Qb8 18.Qd2 Bd8 19.b4 axb4
20.axb4 cxd5 21.cxd5 Be7 22.Ra1 g6 23.Nh2 Qc7 24.Rec1 Qd8 25.Rcb1
Ra8 26.Qe2 Qc7 27.Nf3 Bf8 28.Nd2 Qc3 29.Rc1 Qxb4 30.Rab1 Qa4
31.Bc2 Qa2 32.Ra1 Qb2 33.Nc4 Bb5 34.Nxb2 Bxe2 35.Nxe2 1-0

[Event "Master Open"]
[Site "Voronezh"]
[Date "2018.06.20"]
[Round "8.33"]
[White "Anikonov, Dmitry"]
[Black "Yangutov, Aleksey"]
[Result "1/2-1/2"]
[WhiteElo "2394"]
[BlackElo "1975"]
[Annotator ""]
[Source ""]
[Remark ""]

1.d4 Nf6 2.c4 e6 3.Nc3 c5 4.d5 exd5 5.cxd5 d6 6.Nf3 g6 7.Bf4
a6 8.Nd2 Nh5 9.Qa4+ Qd7 10.Qe4+ Be7 11.Bxd6 Qxd6 12.Nc4 Qd8 13.d6
Nc6 14.dxe7 Qxe7 15.Nb6 Rb8 16.Qxe7+ Kxe7 17.Ncd5+ Kf8 18.Rc1
Kg7 19.Rxc5 Be6 20.e3 Rhd8 21.Bc4 Ne5 22.Be2 Nd7 23.Nxd7 Rxd7
24.Nb6 Rd6 25.Nc4 Rd5 26.Rxd5 Bxd5 27.b3 b5 28.Na5 Rc8 29.Kd1
Be4 30.Bxh5 gxh5 31.Re1 Rd8+ 32.Ke2 Kf6 33.f3 Bd3+ 34.Kf2 Rc8
35.e4 Rc2+ 36.Ke3 Rxa2 37.Nc6 Bc2 38.Nb4 Rb2 39.Kd4 a5 40.Nd5+
Kg7 41.Re2 Ra2 42.Nc3 Rb2 43.Nxb5 Rxb3 44.Rxc2 Rxb5 45.Rc5 Rb2
46.Rxa5 Kg6 47.h4 Rxg2 48.f4 Rg4 49.f5+ Kg7 50.Ke5 Rxh4 51.f6+
Kg6 52.Ra8 Rg4 53.Rg8+ Kh6 54.Rf8 Kg6 55.Rg8+ Kh6 1/2-1/2

[Event "Master Open"]
[Site "Voronezh"]
[Date "2018.06.20"]
[Round "8.34"]
[White "Ergeshov, Timur"]
[Black "Salemgareev, Tagir"]
[Result "1-0"]
[WhiteElo "2290"]
[BlackElo "2387"]
[Annotator ""]
[Source ""]
[Remark ""]

1.d4 Nf6 2.c4 e6 3.Nc3 Bb4 4.Qc2 O-O 5.e4 d5 6.e5 Ne4 7.Bd3 c5
8.Nge2 cxd4 9.Nxd4 dxc4 10.Bxe4 Qxd4 11.Bf4 Nd7 12.O-O h6 13.Rad1
Qb6 14.Rfe1 Nc5 15.Re3 Rd8 16.Na4 Nxa4 17.Qxa4 Bc5 18.Re2 Bd4
19.Red2 Bd7 20.Qxc4 Bb5 21.Qb3 Rab8 22.Qg3 Be2 23.Re1 Bh5 24.Bxh6
g6 25.Qg5 Qa5 26.Bf3 Bc5 27.Qf6 Bf8 28.Bxf8 Kxf8 29.Rde2 Bxf3
30.gxf3 Rbc8 31.Re4 Rc4 32.Rxc4 Qxe1+ 33.Kg2 Qa5 34.Rh4 1-0

[Event "Master Open"]
[Site "Voronezh"]
[Date "2018.06.20"]
[Round "8.35"]
[White "Kovalenko, Sergey"]
[Black "Provotorov, Ivan"]
[Result "0-1"]
[WhiteElo "2237"]
[BlackElo "2378"]
[Annotator ""]
[Source ""]
[Remark ""]

1.d4 d5 2.c4 e6 3.Nc3 c6 4.e3 Nf6 5.Nf3 Nbd7 6.Qc2 Bd6 7.Be2
dxc4 8.e4 e5 9.Bxc4 O-O 10.Bg5 b5 11.Bb3 Qe7 12.a3 Bb7 13.dxe5
Nxe5 14.Nd4 g6 15.O-O-O Nc4 16.Bxc4 bxc4 17.Rhe1 h6 18.Bxh6 Nd7
19.Bxf8 Rxf8 20.g3 Ne5 21.f4 Nd3+ 22.Rxd3 cxd3 23.Qxd3 Rd8 24.Qc4
Bxa3 25.Nc2 Bc5 26.e5 Bf2 27.Re2 Bb6 28.Ne4 c5 29.Nd6 Bf3 30.Rf2
Bg4 31.Ne3 Rxd6 32.Nxg4 Rd4 33.Qa2 c4 34.Nf6+ Kg7 35.Rc2 Qb4
36.Rc3 Bc5 37.Qa6 Rd2 38.Kxd2 Qxb2+ 39.Rc2 Bb4+ 40.Ke3 Qb3+ 41.Ke4 0-1

[Event "Master Open"]
[Site "Voronezh"]
[Date "2018.06.20"]
[Round "8.36"]
[White "Odegov, Artem"]
[Black "Bykov, Oleg"]
[Result "1/2-1/2"]
[WhiteElo "2219"]
[BlackElo "2375"]
[Annotator ""]
[Source ""]
[Remark ""]

1.d4 Nf6 2.c4 c5 3.d5 b5 4.cxb5 a6 5.bxa6 g6 6.Nc3 Bg7 7.Nf3
O-O 8.a7 Rxa7 9.e4 d6 10.Be2 Ba6 11.O-O Nbd7 12.h3 Qb6 13.a4
Rb8 14.Re1 Bxe2 15.Rxe2 Qb3 16.Bf4 Nh5 17.Bh2 Qxd1+ 18.Rxd1 Bxc3
19.bxc3 Rxa4 20.e5 Nf4 21.Bxf4 Rxf4 22.e6 Nf8 23.exf7+ Rxf7 24.Rde1
Rb7 25.h4 h6 26.Nd2 Nh7 27.Nc4 Ra7 28.Ne3 Nf6 29.c4 Kg7 30.g3
Rf8 31.Nd1 Kf7 32.Nc3 Rfa8 33.Nb5 Rd7 34.Kg2 Ra4 35.Rc1 Rb4 36.Rc3
Ng4 37.f4 Nf6 38.Na3 Rb6 39.Rc1 Rb3 40.Nb5 Nh5 1/2-1/2

[Event "Master Open"]
[Site "Voronezh"]
[Date "2018.06.20"]
[Round "8.37"]
[White "Grachev, Alexey"]
[Black "Yeritsyan, Aram"]
[Result "1-0"]
[WhiteElo "2203"]
[BlackElo "2370"]
[Annotator ""]
[Source ""]
[Remark ""]

1.e4 e5 2.Nf3 Nc6 3.Bc4 Nf6 4.d3 h6 5.O-O d6 6.c3 g6 7.d4 Qe7
8.Re1 Bg7 9.Nbd2 O-O 10.h3 Nh7 11.Nf1 Nd8 12.a4 Ne6 13.b3 Rd8
14.a5 Nhg5 15.N1h2 c6 16.Nxg5 hxg5 17.dxe5 dxe5 18.Qf3 Nf4 19.Ba3
Qe8 20.Qg3 Be6 21.Qxg5 Bxc4 22.bxc4 Qe6 23.a6 bxa6 24.Ng4 Rd3
25.Qh4 Rxc3 26.Red1 Qxc4 27.Rd8+ Rxd8 28.Qxd8+ Kh7 29.Qh4+ Nh5
30.Bb2 Rc2 31.Ne3 Qb3 32.Nxc2 Qxb2 33.Rxa6 Qc1+ 34.Kh2 Bh6 35.Rxc6
Qf1 36.Ne3 Qe1 37.Nd5 Kg7 38.Rc7 Bd2 39.Rc8 1-0

[Event "Master Open"]
[Site "Voronezh"]
[Date "2018.06.20"]
[Round "8.38"]
[White "Yagupov, Igor"]
[Black "Tsvetkov, Andrey"]
[Result "1-0"]
[WhiteElo "2359"]
[BlackElo "2220"]
[Annotator ""]
[Source ""]
[Remark ""]

1.e4 c5 2.Nf3 d6 3.d4 cxd4 4.Nxd4 Nf6 5.Nc3 a6 6.f3 e5 7.Nb3
Be6 8.Be3 Be7 9.Qd2 Nbd7 10.g4 b5 11.O-O-O Nb6 12.g5 Nh5 13.Na5
Qc7 14.Nd5 Nxd5 15.exd5 Bd7 16.Kb1 O-O 17.c4 f6 18.Rc1 Bf5+ 19.Ka1
Bd8 20.Nc6 fxg5 21.cxb5 axb5 22.Bxg5 Bf6 23.Bxf6 Nxf6 24.Bxb5
Rxa2+ 25.Kxa2 Ra8+ 26.Kb3 Qb7 27.Kc4 Qf7 28.Ra1 Rc8 29.Kb4 Kf8
30.Ra7 Nxd5+ 31.Ka3 Qe6 32.Nd4 Nc7 33.Rxc7 1-0

[Event "Master Open"]
[Site "Voronezh"]
[Date "2018.06.20"]
[Round "8.39"]
[White "Zaika, Daniil"]
[Black "Pogosyan, Stefan"]
[Result "1/2-1/2"]
[WhiteElo "2118"]
[BlackElo "2359"]
[Annotator ""]
[Source ""]
[Remark ""]

1.d4 f5 2.g3 Nf6 3.Bg2 g6 4.c4 Bg7 5.Nf3 O-O 6.O-O d6 7.b4 Nbd7
8.Bb2 e5 9.dxe5 Ng4 10.Qb3 Ndxe5 11.Nxe5 dxe5 12.c5+ Kh8 13.h3
Nh6 14.Na3 Qe7 15.Nc4 f4 16.g4 Nf7 17.e3 Ng5 18.exf4 exf4 19.Rae1
Qf7 20.Bxg7+ Qxg7 21.Re5 f3 22.Rxg5 fxg2 23.Re1 Qf7 24.Qb2+ Kg8
25.Rge5 Bd7 26.Re7 Rae8 27.Rxf7 Rxe1+ 28.Kxg2 Rxf7 29.Ne5 Re7
30.Nxd7 Rxd7 31.Qb3+ Rf7 32.Qd5 Re2 33.Qd8+ Kg7 34.Qd4+ Kf8 35.Kg3
Re6 36.Qd8+ Re8 37.Qd4 c6 38.a4 a6 39.f3 Kg8 40.h4 Ree7 41.Qd8+
Kg7 42.Qd4+ Kg8 43.Qd8+ Kg7 1/2-1/2

[Event "Master Open"]
[Site "Voronezh"]
[Date "2018.06.20"]
[Round "8.40"]
[White "Sinitsina, Anastassia"]
[Black "Rodin, Dmitrij"]
[Result "0-1"]
[WhiteElo "2009"]
[BlackElo "2402"]
[Annotator ""]
[Source ""]
[Remark ""]

1.e4 e5 2.Nf3 Nc6 3.Bb5 a6 4.Ba4 Nf6 5.O-O Be7 6.Re1 d6 7.c3
Bg4 8.d3 Nd7 9.Nbd2 Nc5 10.Bc2 Ne6 11.h3 Bh5 12.Nf1 O-O 13.Ng3
Bg6 14.d4 exd4 15.cxd4 d5 16.exd5 Bxc2 17.Qxc2 Qxd5 18.Nf5 Bf6
19.Rd1 Rad8 20.Be3 Rfe8 21.a3 Na5 22.Ng3 Nb3 23.Rab1 g6 24.Ne2
b5 25.Rd3 Nbc5 26.Rc3 Nd7 27.Rd1 Nb6 28.Nf4 Nxf4 29.Bxf4 Nc4
30.Bxc7 Rd7 31.Bf4 Re4 32.Be3 Rde7 33.Qc1 h5 34.b3 Nxe3 35.fxe3
g5 36.Rdd3 g4 37.Rc5 Qd7 38.hxg4 hxg4 39.Ng5 Rxe3 40.Rxe3 Bxd4
41.Rcc3 Rxe3 42.Rxe3 Qe7 43.Kf2 Qxg5 44.Ke2 Bxe3 45.Qxe3 Qf5
46.b4 Kg7 0-1

[Event "Master Open"]
[Site "Voronezh"]
[Date "2018.06.20"]
[Round "8.41"]
[White "Khokhlova, Daria"]
[Black "Peskov, Alexsey"]
[Result "1/2-1/2"]
[WhiteElo "2198"]
[BlackElo "2391"]
[Annotator ""]
[Source ""]
[Remark ""]

1.d4 Nf6 2.c4 e6 3.g3 d5 4.Nf3 c6 5.Bg2 Be7 6.O-O O-O 7.Qc2 Nbd7
8.Nbd2 b6 9.e4 Bb7 10.e5 Ne8 11.Re1 Nc7 12.h4 Re8 13.b3 a5 14.Nf1
a4 15.Bg5 axb3 16.axb3 c5 17.Rad1 Ra5 18.Ne3 h6 19.Bxe7 Qxe7 1/2-1/2

[Event "Master Open"]
[Site "Voronezh"]
[Date "2018.06.20"]
[Round "8.42"]
[White "Sergienko, Sergey"]
[Black "Ibadov, Dashgyn"]
[Result "1-0"]
[WhiteElo "2315"]
[BlackElo "2214"]
[Annotator ""]
[Source ""]
[Remark ""]

1.Nf3 Nf6 2.c4 c5 3.g3 b6 4.Bg2 Bb7 5.O-O e6 6.Nc3 Be7 7.Re1
d6 8.e4 a6 9.d4 cxd4 10.Nxd4 Qc7 11.Be3 O-O 12.Rc1 Re8 13.b3
Bf8 14.f4 Nbd7 15.Bf2 Rac8 16.g4 g6 17.h3 Qb8 18.Nde2 b5 19.g5
Nh5 20.cxb5 Bg7 21.Qd2 Red8 22.b6 Bc6 23.Qe3 Qb7 24.Red1 e5 25.f5
gxf5 26.Nd5 Bxd5 27.Rxc8 Rxc8 28.Rxd5 Nf4 29.Nxf4 exf4 30.Qd2
f3 31.Bxf3 Ne5 32.Bg2 f4 33.Qxf4 Rc6 34.Qd2 Qc8 35.Be3 Bf8 36.a4
Nd7 37.a5 Rc2 38.Qd1 Qc3 39.Rd3 Qc6 40.b7 Rxg2+ 41.Kxg2 Qxe4+
42.Kg1 Qxb7 43.Bf4 Nc5 44.Rd5 Ne6 45.Be3 Qb4 46.Qd3 Bg7 47.Bd2
Qa3 48.Rf5 Bd4+ 49.Kh1 Be5 50.Rf1 Qc5 51.Qf3 Qc7 52.Be3 Qe7 53.b4
Qd7 54.b5 Qxb5 55.Qxf7+ Kh8 56.Kg1 Bd4 57.Bxd4+ 1-0

[Event "Master Open"]
[Site "Voronezh"]
[Date "2018.06.20"]
[Round "8.43"]
[White "Davydov, Sergey P."]
[Black "Kostin, Alexey"]
[Result "1/2-1/2"]
[WhiteElo "2213"]
[BlackElo "2282"]
[Annotator ""]
[Source ""]
[Remark ""]

1.Nf3 Nf6 2.c4 e6 3.d4 b6 4.Nc3 Bb7 5.Bg5 Be7 6.e3 d5 7.cxd5
Nxd5 8.Bxe7 Qxe7 9.Bb5+ c6 10.Bd3 Nf6 11.Rc1 Nbd7 12.O-O O-O
13.Qe2 e5 14.Ba6 Bxa6 15.Qxa6 exd4 16.Nxd4 c5 17.Ndb5 Ne5 18.Rfd1
h6 19.h3 Rfd8 20.Rxd8+ Rxd8 21.Qxa7 Qxa7 22.Nxa7 Rd2 23.b3 Rb2 1/2-1/2

[Event "Master Open"]
[Site "Voronezh"]
[Date "2018.06.20"]
[Round "8.44"]
[White "Egorov, Pavel"]
[Black "Lystsov, Leonid"]
[Result "1-0"]
[WhiteElo "2282"]
[BlackElo "2086"]
[Annotator ""]
[Source ""]
[Remark ""]

1.d4 Nf6 2.Nc3 g6 3.e4 d6 4.f4 Bg7 5.Nf3 O-O 6.a3 Na6 7.e5 dxe5
8.fxe5 Nd5 9.Nxd5 Qxd5 10.c4 Qe4+ 11.Qe2 Bf5 12.Qxe4 Bxe4 13.Be3
c5 14.dxc5 Rad8 15.Be2 f6 16.O-O fxe5 17.Ng5 Bh6 18.h4 Rxf1+
19.Rxf1 Bd3 20.Rd1 e4 21.Bf2 Bxg5 22.hxg5 Nc7 23.Bg4 Kf7 24.b4
Ne6 25.c6 bxc6 26.Bxa7 1-0

[Event "Master Open"]
[Site "Voronezh"]
[Date "2018.06.20"]
[Round "8.45"]
[White "German, Nikita"]
[Black "Maltsevskaya, Aleksandra"]
[Result "0-1"]
[WhiteElo "2182"]
[BlackElo "2279"]
[Annotator ""]
[Source ""]
[Remark ""]

1.e4 c6 2.d4 d5 3.Nc3 dxe4 4.Nxe4 Bf5 5.Ng3 Bg6 6.h4 h6 7.Nf3
e6 8.h5 Bh7 9.Bd3 Bxd3 10.Qxd3 Nf6 11.Bd2 Be7 12.O-O-O O-O 13.Kb1
a5 14.Ne4 Nxe4 15.Qxe4 Qd5 16.Qe2 Nd7 17.g4 b5 18.Rdg1 Bg5 19.Nxg5
hxg5 20.Qe3 f6 21.h6 g6 22.h7+ Kf7 23.f4 gxf4 24.Qxf4 g5 25.Qh2
Kg7 26.Qc7 Kh8 27.Be3 Rf7 28.Rh3 Ne5 29.Qb6 Nc4 30.Qc5 Qxc5 31.dxc5
Rxh7 32.Rxh7+ Kxh7 33.Bd4 e5 34.Bc3 b4 35.Be1 Rd8 36.Kc1 Rh8
37.Bf2 e4 38.b3 Na3 39.Bd4 Kg6 0-1

[Event "Master Open"]
[Site "Voronezh"]
[Date "2018.06.20"]
[Round "8.46"]
[White "Volkov, Roman"]
[Black "Chapurin, Alexey V."]
[Result "1-0"]
[WhiteElo "2116"]
[BlackElo "2262"]
[Annotator ""]
[Source ""]
[Remark ""]

1.e4 e6 2.d4 d5 3.Nd2 dxe4 4.Nxe4 Bd7 5.Nf3 Bc6 6.Bd3 Bxe4 7.Bxe4
c6 8.c3 Nf6 9.Bc2 Bd6 10.Bg5 Nbd7 11.Qe2 Qc7 12.O-O-O Bf4+ 13.Kb1
Bxg5 14.Nxg5 h6 15.Nf3 O-O-O 16.Rhe1 Rhe8 17.g3 Qb6 18.Nd2 Nd5
19.Ka1 Qc7 20.f4 Kb8 21.Nf3 N7f6 22.Ne5 g6 23.Qf2 h5 24.h3 Rh8
25.Bb3 a6 26.Qf3 Rh7 27.Rg1 Nd7 28.Nd3 Ne7 29.Qf2 Rhh8 30.Rde1
Rh7 31.Bc2 Ka8 32.Bd1 Kb8 33.Bf3 Rdh8 34.Be4 Nf6 35.Bg2 Nd7 36.Qf3
Rd8 37.Nf2 Nf6 38.Nd1 Nfd5 39.Nf2 h4 40.Nd3 hxg3 41.Qxg3 Nf5
42.Qf2 Rh4 43.Rgf1 Qa5 44.Re5 Qc7 45.Rxf5 1-0

[Event "Master Open"]
[Site "Voronezh"]
[Date "2018.06.20"]
[Round "8.47"]
[White "Sargissyan, Sargis"]
[Black "Lysenko, Margarita"]
[Result "1/2-1/2"]
[WhiteElo "2249"]
[BlackElo "2203"]
[Annotator ""]
[Source ""]
[Remark ""]

1.e4 c5 2.Nc3 d6 3.d4 cxd4 4.Qxd4 Nc6 5.Bb5 Bd7 6.Qd3 g6 7.Nf3
Bg7 8.Bg5 Rc8 9.O-O h6 10.Bh4 Nf6 11.Rad1 g5 12.Bg3 Nh5 13.Bxc6
bxc6 14.Nd4 O-O 15.Nce2 Rb8 16.b3 Qa5 17.a4 Bg4 18.f3 Nxg3 19.Nxg3
Bc8 20.Nde2 Ba6 21.Qe3 Qb6 22.Qxb6 Rxb6 23.Rfe1 Rc8 24.Nf5 Bf8
25.Nc1 c5 26.c4 e6 27.Ng3 Bg7 28.Nge2 Rd8 29.Rd3 Kf8 30.Red1
Ke7 31.Kf2 Rdb8 32.R1d2 Bb7 33.Kf1 Ba8 34.Rd1 h5 1/2-1/2

[Event "Master Open"]
[Site "Voronezh"]
[Date "2018.06.20"]
[Round "8.48"]
[White "Volotovsky, Kirill"]
[Black "Volovich, Vasily"]
[Result "1/2-1/2"]
[WhiteElo "2159"]
[BlackElo "2244"]
[Annotator ""]
[Source ""]
[Remark ""]

1.e4 e6 2.d4 d5 3.Bd3 dxe4 4.Bxe4 Nf6 5.Bf3 Bd6 6.Nc3 c6 7.Nge2
O-O 8.O-O Nbd7 9.Bg5 Qc7 10.g3 h6 11.Be3 a6 12.Qd2 Rd8 13.Rad1
b5 14.Bf4 Bb7 15.Bxd6 Qxd6 16.Bg2 Rab8 17.Qe3 Rdc8 18.Ne4 Nxe4
19.Bxe4 Nf6 20.Bf3 Kh7 21.Qd3+ g6 22.c3 Kg7 23.b4 a5 24.a3 Ra8
25.Qe3 Nd7 26.Nf4 axb4 27.axb4 Ra3 28.Ra1 Rca8 29.Rxa3 Rxa3 30.Qc1
Ra8 31.Nd3 e5 32.Nxe5 Nxe5 33.dxe5 Qxe5 34.Re1 Qf6 35.Kg2 Ra2
36.Qe3 Bc8 37.Qe5 Rc2 38.Qxf6+ Kxf6 39.Re3 Bd7 40.h4 g5 1/2-1/2

[Event "Master Open"]
[Site "Voronezh"]
[Date "2018.06.20"]
[Round "8.49"]
[White "Domogaev, Sergey"]
[Black "Klimentov, Roman"]
[Result "1-0"]
[WhiteElo "2433"]
[BlackElo "2180"]
[Annotator ""]
[Source ""]
[Remark ""]

1.d4 Nf6 2.c4 e6 3.Nc3 Bb4 4.e3 O-O 5.Bd3 d5 6.a3 Bxc3+ 7.bxc3
dxc4 8.Bxc4 c5 9.Nf3 Qc7 10.Be2 b6 11.O-O Nbd7 12.Bb2 Bb7 13.h3
Rac8 14.a4 Rfd8 15.Re1 Ne4 16.Bd3 c4 17.Bc2 Qc6 18.Qe2 Qd5 19.Qf1
Kh8 20.Rad1 Qa5 21.Rc1 Rg8 22.Red1 g5 23.d5 Ndf6 24.Ne5 Bxd5
25.Nxf7+ Kg7 26.Ne5 Qc5 27.Rd4 Qc7 28.Ng4 Nxg4 29.hxg4 Nf6 30.Rcd1
Rgf8 31.Qe2 Bb7 32.Ba3 Rfe8 33.e4 e5 34.Rd6 Qf7 35.a5 Re6 36.axb6
axb6 37.R6d2 h6 38.Bb4 b5 39.Qf3 Rcc6 40.Rd5 Bc8 41.Qg3 Re8 42.Rxe5
Bxg4 43.Rxe8 Qxe8 44.Ra1 Bh5 45.Ra7+ Bf7 46.Qe3 Qe5 47.Re7 Re6
48.Rxe6 Qxe6 49.Qc5 Qe8 50.Qd4 Bg6 51.f3 Qa8 52.Be7 Qc6 53.Bd1
Kf7 54.Bd6 Ke6 55.Qe5+ 1-0

[Event "Master Open"]
[Site "Voronezh"]
[Date "2018.06.20"]
[Round "8.50"]
[White "Sattarov, Bobir"]
[Black "Shoboev, Dandar"]
[Result "1-0"]
[WhiteElo "2351"]
[BlackElo "2091"]
[Annotator ""]
[Source ""]
[Remark ""]

1.e4 e5 2.Nf3 Nc6 3.Bb5 a6 4.Ba4 Nf6 5.O-O b5 6.Bb3 Bc5 7.Qe2
d6 8.c3 O-O 9.d3 h6 10.h3 Re8 11.Re1 Rb8 12.Nbd2 Nh5 13.Nf1 Qf6
14.Kh1 Nf4 15.Bxf4 Qxf4 16.Ne3 Bxe3 17.fxe3 Qg3 18.Rf1 Be6 19.Nd2
Qg6 20.Rf3 Bxb3 21.axb3 Ra8 22.Kh2 f6 23.Rg3 Qf7 24.Nf3 Qxb3
25.Nh4 Ne7 26.c4 Rf8 27.Rf1 Rf7 28.Qg4 Kf8 29.cxb5 axb5 30.Rc1
c5 31.Qd7 Qxb2 32.Rf1 Qe2 33.Ra1 Rb8 34.Ra7 1-0

[Event "Master Open"]
[Site "Voronezh"]
[Date "2018.06.20"]
[Round "8.51"]
[White "Parfenov, Viktor N."]
[Black "Konnov, Oleg"]
[Result "1/2-1/2"]
[WhiteElo "2247"]
[BlackElo "2311"]
[Annotator ""]
[Source ""]
[Remark ""]

1.d4 d5 2.Bf4 Nf6 3.e3 e6 4.Nd2 c5 5.c3 Nc6 6.Ngf3 Bd6 7.Bg3
O-O 8.Bd3 b6 9.Ne5 Bb7 10.f4 Nd7 11.O-O f5 12.Nxd7 Qxd7 13.Bh4
c4 14.Bc2 b5 15.g4 g6 16.gxf5 gxf5 17.Kf2 Qf7 18.Rg1+ Kh8 19.Qe2
Rg8 20.Rg3 Rxg3 21.hxg3 Rg8 22.Rh1 Ne7 23.Qf3 Qg6 24.Qe2 Qf7
25.Qf3 Qg6 26.Qe2 Qf7 1/2-1/2

[Event "Master Open"]
[Site "Voronezh"]
[Date "2018.06.20"]
[Round "8.52"]
[White "Murtazin, Ruslan"]
[Black "Gasparian, Haik"]
[Result "1-0"]
[WhiteElo "2308"]
[BlackElo "2069"]
[Annotator ""]
[Source ""]
[Remark ""]

1.e4 e5 2.Nf3 Nc6 3.Nc3 Nf6 4.Be2 Bb4 5.Nd5 Ba5 6.c3 d6 7.b4
Bb6 8.a4 Nxe4 9.Qc2 Bxf2+ 10.Kf1 f5 11.d3 Ng3+ 12.hxg3 Bxg3 13.Bg5
Qd7 14.d4 Qf7 15.Bc4 Be6 16.Nxc7+ Qxc7 17.Bxe6 g6 18.Qb3 e4 19.Nd2
h5 20.Ke2 Rf8 21.Nf1 d5 22.Bxd5 Rc8 23.Bxc6+ Qxc6 24.Nxg3 f4
25.b5 Qd7 1-0